Federal Legislative Branch Quiz Stats

 Plays Quiz not verified by Sporcle

Score 0/19 Timer 10:00
0 Plays Today
% Correct
Andrew Johnson and Bill Clinton
92.5%
no
88.7%
drawing district lines that favor one party,politician, or group
86.8%
yes
86.8%
50
84.9%
holds impeachment trials, approves treaties and votes on appointment for high official
84.9%
2
83%
100
83%
House of Representative and Senate
81.1%
435
81.1%
% Correct
most powerful person
81.1%
Two-Thirds
81.1%
Congress
77.4%
Votes on ties
73.6%
2 terms
69.8%
Richard Nixon resigned
69.8%
House
67.9%
House
58.5%
6
49.1%

You're not logged in!

Compare scores with friends on all Sporcle quizzes.
OR
Log In

Sporcle TV

Today on Sporcle TV


Watch our educational content, quiz creation guides, and fun videos on Sporcle TV.

Show Comments

Extras

Created Dec 9, 2014ReportNominate
Tags:Clickable Quiz, branch, federal

Top Quizzes Today


Score Distribution

Your Account Isn't Verified!

In order to create a playlist on Sporcle, you need to verify the email address you used during registration. Go to your Sporcle Settings to finish the process.

Report this User

Report this user for behavior that violates our Community Guidelines.

Details: